| 000 | 00818nam a22002297a 4500 | ||
|---|---|---|---|
| 005 | 20240530110615.0 | ||
| 008 | 161128s2014 ua a g b 000 0 ara d | ||
| 017 |
_a2007/17056 _bمصر . دار الكتب المصرية |
||
| 020 | _a977410000 | ||
| 040 | _aEG-CaGPL | ||
| 082 | 0 | 4 |
_221 _a519.53\ _bم أ |
| 100 | 0 | _aمحمد جبر المغربي | |
| 245 | 1 | 2 |
_aالاحصاء الوصفي / _c محمد جبر المغربي |
| 250 | _aط. 1 | ||
| 260 |
_aالمنصورة : _bالمكتبة العصرية للنشر والتوزيع ، _c2014. |
||
| 300 |
_a645 ص. : _bجداول ؛ _c14 سم. |
||
| 504 | _aببليوجرافية : ص 643 - 644 | ||
| 650 | 0 | 7 |
_2qrmak _aالاحصاء |
| 650 | 0 | 7 |
_2qrmak _aالاحصاء الوصفي |
| 942 |
_2ddc _cBK |
||
| 999 |
_c62943 _d62943 |
||